000 03551nam a2200289 i 4500
001 125317
005 20230410124126.0
008 170705b ilua 000 0 eng
020 _a9789587741780
041 0 _aspa
_aeng
050 1 4 _aN 72
_bR314 2015
082 _a709.8
245 0 0 _aRedes intelectuales :
_barte y política en América Latina /
_cedición académica María Clara Bernal ; traducción Tupac Cruz.
260 _aBogotá :
_bUniversidad de los Andes. Facultad de Ciencias Sociales,
_c2015.
300 _axv, 648 p. :
_bfotografías, il. ;
_c24 cm.
504 _aIncluye referencias bibliográficas (páginas 403-413)
505 0 _aIntroducción -- Sección 1. Redes en la trama del debate del arte moderno -- Lecturas sobre la relación Europa-américa latina en las publicaciones culturales de los años veinte / Ivonne Pini, Jorge Ramírez Y Maria Clara Bernal -- Red: el círculo de dyn en México y más allá / Annette Leddy -- Monumento a la patria de rómulo rozo: del misticismo religioso al misticismo secular / Sylvia Juliana Suárez -- Sección 2. Redes en la trama de la internacional antifascista -- Ejercicio plástico: afinidades estéticas, complicidades políticas / Diana B. Wechsler -- Siqueiros y los ángeles: un legado interrumpido / Rebecca Zamora -- Comité continental de arte para la victoria: tres puntos para discutir a siqueiros alrededor de la noción de red intelectual / Sylvia Juliana Suárez y Maria Clara Bernal -- Sección 3. Redes de solidaridad continental: Arte, intelectuales y activismo político, 1960-1970 -- Solidaridad, plástica, redes y revolución: una crónica. Breve del surgimiento y oclusión del meridiano chile-cuba en el ámbito del arte latinoamericano / Sylvia Juliana Suárez y Carla Macchiavello -- Otro mapa es posible. Impulsos internacionalistas en el arte Argentino y latinoamericano entre los años sesenta y ochenta / Ana Longoni -- Solidaridad y transgresión en los años setenta y ochenta. Colectividad y acción estratégica en la red de arte correo por américa latina / Fernanda Nogueira -- Sección 4. Otras formas de acción en red: el panamericanismo -- Respondiendo una encuesta imaginada: La vanguardia artística latinoamericana en parís / José Antonio Navarrete -- José Gómez Sicre y el origen de una red continental polarizante: impacto en el ámbito colombiano / William Alfonso López -- Entre latinoamericanismos: la colección de libros art in latin America today, editada por la unión panamericana (1959-1969) / Nadia Moreno.
520 _aThe publication is one of the many facets of the project "Redes intelectuales. Arte y política en América Latina", whose goal was to study the discussions that occurred in Latin American cities around the relation between art and politics between 1920 and 1980. The main themes of this work are the nodes and continental networks that built the cultural magazines in the first half of the 20th century, the poetic-ideological networks, critical artists polarized to intellectuals and artists in America during the cold war and networks constituting levels macro and micro-politics during the 1970s and more ideological curators of the moment
546 _aTexto bilingüe en español e inglés.
650 0 _aArte latinoamericano
_ySiglo XX.
650 _aPintura latinoamericana
_ySiglo XX.
650 _aArte
_xAspectos políticos
_zAmérica Latina.
700 1 _aBernal, María Clara,
_eeditora.
700 1 _aCruz, Tupac,
_etraductor.
856 4 2 _3
_u
942 _2lcc
_cbk
999 _c71500
_d71500